La Confrontación Este-oeste en el conflicto centroamericano /
Enregistré dans:
| Auteur principal: | |
|---|---|
| Format: | Texte |
| Sujets: | |
| Tags: |
Ajouter un tag
Pas de tags, Soyez le premier à ajouter un tag!
|
MARC
| LEADER | 00000 a a2200000 04500 | ||
|---|---|---|---|
| 001 | 14236 | ||
| 003 | |||
| 040 | |||
| 100 | |a Moncada Valladares, Efraín | ||
| 245 | |a La Confrontación Este-oeste en el conflicto centroamericano / |c Efraín Moncada Valladares | ||
| 650 | |a SOCIALISMO | ||
| 650 | |a CAPITALISMO | ||
| 650 | |a DEPENDENCIA ECONOMICA | ||
| 650 | |a IMPERIALISMO | ||
| 650 | |a IDEOLOGIAS POLITICAS | ||
| 650 | |a MOVIMIENTOS DE LIBERACION NACIONAL | ||
| 773 | |g número 17; páginas 54-65 | ||
| 999 | |c 29398 |d 29398 | ||
